Words ending in “IST” #4 - Statistics

General Stats
  • This quiz has been taken 26 times
  • The average score is 8 of 22
Answer Stats
Hint Answer % Correct
Clenched human hand Fist
91%
Person who forces someone to sexual intercourse Rapist
91%
Guitar player Guitarist
87%
Skin doctor Dermatologist
74%
Person studying nerve system Neurologist
57%
phenomenon caused by small droplets of water suspended in the cold air, usually by condensation Mist
52%
Person who supports social ownership Socialist
52%
Person studying fossils Paleontologist/Palaeontologist
43%
Person discriminating against people with disabilities Ableist
39%
Follower of the teachings of L. Ron Hubbard Scientologist
39%
Person sexually fixated on specific, sometimes abnormal aspects Fetishist
30%
Member of Dada art movement at the beginning of 20th century Dadaist
26%
Someone pursuing simple lifestyle Minimalist
26%
The one prophesied by the Bible to oppose Jesus Antichrist
22%
Person studying reptiles and amphibians Herpetologist
22%
Person against procreation. Antinatalist
17%
One who rejects facts Denialist
17%
Person feeding on dead bodies, or german technical death metal band Necrophagist
17%
Person studying causes and effects of disease or injury Pathologist
17%
Person who creates the beat Percussionist
9%
Tractor driver Tractorist
4%
Person studying beer and beer-brewing Zythologist
0%
No matching quizzes found
Score Distribution
Percent of People with Each Score
Percentile by Number Answered
Your Score History
You have not taken this quiz